| 000 | 00559cam a2200181 4500 | ||
|---|---|---|---|
| 008 | 090401t1990 xxu||||| |||| 00| 0 eng d | ||
| 020 | _a058204295X | ||
| 035 | _a(Sirsi) u16245 | ||
| 041 | _aeng | ||
| 050 | _a330.02469 | ||
| 100 | _aLavender, Stephen D | ||
| 245 | _aEconomics for builders and surveyors : principles and applications of economic decision making in developing the built environment | ||
| 260 |
_aHarlow _bLongman Scientific and Technical _c1990 |
||
| 300 | _axvii,314p. ; 22cm. | ||
| 350 | _a12.5 | ||
| 942 | _n0 | ||
| 948 | _c04/03/1997 | ||
| 999 |
_c87405 _d87405 |
||